Statistics for Julius Caesar: True Or False?

Click here to take the quiz!

General Stats

  • This quiz has been taken 133 times
  • The average score is 8 of 10

Answer Stats

QuestionAnswer% Correct
He was killed on the Ides Of March.True
90%
He Invaded Gaul.True
88%
He was killed by senators in fear of his power.True
86%
He is widely known as Julius the Great.False
84%
Russia and Germany have, in history, named their leaders a form of Caesar.True
82%
Instead of Russia and Germany, it was Azerbaijan and Ukraine that were the ones that named their leaders a form of Caesar.False
81%
He had an allergy to peanuts.False
80%
He dreamed of being like Alexander the Great.True
79%
He invented the catapult, for use in battle.False
74%
He sided with Ptolemy with his battle with Cleopatra.False
74%

Score Distribution

Percentile by Number Answered

Percent of People with Each Score

Your Score History

You have not taken this quiz